Economic instruments to improve energy efficiency (Record no. 73161)
[ view plain ]
| 000 -LEADER | |
|---|---|
| fixed length control field | 01173cam a2200205 4500 |
| 001 - CONTROL NUMBER | |
| control field | WB3930-10 |
| 008 - FIXED-LENGTH DATA ELEMENTS--GENERAL INFORMATION | |
| fixed length control field | 030805n2003 000 0 eng u |
| 035 ## - SYSTEM CONTROL NUMBER | |
| System control number | (Sirsi) u123187 |
| 245 ## - TITLE STATEMENT | |
| Title | Economic instruments to improve energy efficiency |
| 260 ## - PUBLICATION, DISTRIBUTION, ETC. | |
| Date of publication, distribution, etc. | 2003 |
| 490 ## - SERIES STATEMENT | |
| Series statement | HM Treasury Press Release |
| Volume/sequential designation | (96) 1 August 2003 (1) |
| 520 ## - SUMMARY, ETC. | |
| Summary, etc. | A consultation document looking at the impacts and effectiveness of specific economic instruments to improve household energy efficiency has been published. "Economic instruments to improve household energy efficiency: consultation document on specific measures" builds on responses from a previous consultation in July 2002 and the Energy White Paper. Consultation deadline is 24 October 2003. Consultation paper available at www.hm-treasury.gov.uk/consultations_and_legislation/energy/consult_energy03_index.cfm. www.hm-treasury.gov.uk/newsroom_and_speeches/press/2003/press_96_03.cfm |
| 590 ## - LOCAL NOTE (RLIN) | |
| Local note | WB |
| 650 ## - SUBJECT ADDED ENTRY--TOPICAL TERM | |
| Topical term or geographic name entry element | DOMESTIC ENERGY |
| 650 ## - SUBJECT ADDED ENTRY--TOPICAL TERM | |
| Topical term or geographic name entry element | ENERGY WHITE PAPER |
| 650 ## - SUBJECT ADDED ENTRY--TOPICAL TERM | |
| Topical term or geographic name entry element | ECONOMIC INSTRUMENTS |
| 650 ## - SUBJECT ADDED ENTRY--TOPICAL TERM | |
| Topical term or geographic name entry element | HOUSEHOLDS |
| 690 ## - LOCAL SUBJECT ADDED ENTRY--TOPICAL TERM (OCLC, RLIN) | |
| Topical term or geographic name as entry element | ENVIRONMENTAL AND LAND CONSULTANCY-ENERGY-ENERGY USE-ENERGY EFFICIENCY |
| 942 ## - ADDED ENTRY ELEMENTS (KOHA) | |
| Suppress in OPAC | 0 |
| Withdrawn status | Lost status | Source of classification or shelving scheme | Damaged status | Not for loan | Home library | Current library | Shelving location | Date acquired | Total Checkouts | Full call number | Barcode | Date last seen | Copy number | Price effective from | Koha item type |
|---|---|---|---|---|---|---|---|---|---|---|---|---|---|---|---|
| Dewey Decimal Classification | London | London | News article | 05/08/2003 | WB3930-10 | 123187-1001 | 06/08/2019 | 1 | 06/08/2019 | News article |